| 000 | 01614nam a2200277Ia 4500 | ||
|---|---|---|---|
| 999 |
_c52939 _d52939 |
||
| 001 | 19969 | ||
| 003 | GE_BSU | ||
| 005 | 20200523224953.0 | ||
| 008 | 181216s1938||||ge |||||||||||||| ||geo|| | ||
| 040 | _cGE_BSU | ||
| 041 | _ageo | ||
| 080 | _a81'374(038)=353.1'282 ქ-27 | ||
| 245 |
_aქართველურ ენათა ლექსიკა I : _bგურული, ზემოიმერული და ლეჩხუმური ლექსიკონები / _cვ. ბერიძის რედაქციით. |
||
| 264 |
_aთბილისი : _bსსრკ მეცნ. აკად. საქ. ფილიალის გამომცემლობა, _c1938. |
||
| 300 |
_aX,165 გვ. ; _c22 სმ. |
||
| 500 | _aპარალ. თავფურცელზე : გურული, ზემოიმერული და ლეჩხუმური ლექსიკონები | ||
| 501 | _aწანართი : შემოკლებანი | ||
| 541 | _h1ლ.40თ. | ||
| 653 | _aგურული ლექსიკონი | ||
| 653 | _aზემოიმერული ლექსიკონი | ||
| 653 | _aლეჩხუმური ლექსიკონი | ||
| 653 | _aლექსიკონი | ||
| 700 |
_aბერიძე, ვ. _eრედაქტორი _98166 |
||
| 710 |
_aენის, ისტორიისა და მატერიალური კულტურის ინსტიტუტი აკად. ნ. მარის სახელობისა _98167 |
||
| 942 |
_cBK _2udc |
||